Представление документа в формате MARC21

Поле Инд. ПП Название Значение
Тип записи a
Библиографический уровень c
001 Контрольный номер 31c89248435443f78adfab2765910e26
005 Дата корректировки 20260515122252.2
040 b Код языка каталог. rus
e Правила каталог. PSBO
041 0_ a Код языка текста rus
097 b Оператор *Ир*
245 10 a Заглавие Рабочая программа обязательного учебного предмета "Физическая культура" общеобразовательная подготовка среднее общее образование для программ подготовки специалистов среднего звена среднего профессионального образования на базе основного общего образования. Форма обучения – очная
b Продолж. заглавия в составе учебно-методического комплекса
c Ответственность Кафедра "Физическая культура и спорт"
c Ответственность разработчик Е.А. Михайлова
260 a Место издания Тверь
c Дата издания 2026
b Издательство ТвГТУ
440 _0 a Серия УМК-РП
516 8_ a Прим. о типе комп. файла/ данных Текст : электронный
a Прим. о типе комп. файла/ данных Дата обращения: 15.05.26
535 1_ a Хранилище сайт ТвГТУ
653 0_ a Ключевые слова СПО
655 a Жанр/ форма (устаревшее) М
773 18 w Контрольный № источника 2dbf31bd286042edb0f66cf3b24919c6
856 40 u URL https://new.tstu.tver.ru/documents/0m1h8cg96h.pdf?v=9
901 t Тип документа y
905 b Дата создания записи обработка 15.05.26
922 c Кафедра Физическая культура и спорт
951 i EL-ТГТУ? Да
952 d Цикл дисциплин 1
g 1
a Тип литературы для КСУ ВШ П
990 j Количество экземпляров (DOS) 1
h N записи в КСУ для Б/У (DOS) 6/2026э